[Event "Kharkov Caissa"]
[Site "Kharkov"]
[Date "2010.02.12"]
[Round "5"]
[White "Sushchev, Alexander"]
[Black "Mischuk, Dmitry"]
[Result "0-1"]
[WhiteElo "2432"]
[BlackElo "2379"]
[PlyCount "54"]
[EventDate "2010.02.09"]
[EventType "tourn"]
[EventRounds "9"]
[EventCountry "UKR"]
[EventCategory "7"]
[SourceTitle "CBM 135 Extra"]
[Source "ChessBase"]
[SourceDate "2010.05.04"]
[SourceVersion "1"]
[SourceVersionDate "2010.05.04"]
[SourceQuality "1"]

1. d4 d5 2. c4 c6 3. Nc3 Nf6 4. Nf3 a6 5. c5 Nbd7 6. Bg5 h6 7. Bf4 Nh5 8. Bd2 Nhf6 9. g3 g6 10. Bg2 Bg7 11. 0-0 0-0 12. b4 e5 13. dxe5 Ng4 14. e4 dxe4 15. Nxe4 Ndxe5 16. Nxe5 Nxe5 17. Nd6 a5 18. f4 Bg4 19. Qc2 Nf3+ 20. Kh1 Nxd2 21. Qxd2 Bxa1 22. Rxa1 axb4 23. Qxb4 Qf6 24. Re1 Rxa2 25. Qxb7 Ra1 26. Qb4 Rxe1+ 27. Qxe1 Ra8 0-1

[Event "Kharkov Caissa"]
[Site "Kharkov"]
[Date "2010.02.10"]
[Round "2"]
[White "Sushchev, Alexander"]
[Black "Vojdan Ghshchi, Mehran"]
[Result "1-0"]
[WhiteElo "2432"]
[BlackElo "2252"]
[PlyCount "87"]
[EventDate "2010.02.09"]
[EventType "tourn"]
[EventRounds "9"]
[EventCountry "UKR"]
[EventCategory "7"]
[SourceTitle "CBM 135 Extra"]
[Source "ChessBase"]
[SourceDate "2010.05.04"]
[SourceVersion "1"]
[SourceVersionDate "2010.05.04"]
[SourceQuality "1"]

1. c4 Nf6 2. Nc3 g6 3. e4 Bg7 4. d4 d6 5. Be2 0-0 6. Nf3 e5 7. 0-0 Nc6 8. d5 Ne7 9. Ne1 Nd7 10. Nd3 f5 11. Bd2 Nf6 12. f3 f4 13. c5 g5 14. g4 fxg3 15. hxg3 h6 16. Kg2 Ng6 17. Rh1 Bd7 18. Qb3 Rf7 19. Rac1 b6 20. cxd6 cxd6 21. Nb4 g4 22. Bxh6 Bxh6 23. Rxh6 gxf3+ 24. Bxf3 Rg7 25. Rch1 Kf7 26. Nc6 Qf8 27. Kf2 Ng4+ 28. Bxg4 Bxg4 29. Ke3 Kg8 30. Kd2 Qf2+ 31. Kc1 Bf3 32. Nd1 Bxd1 33. Rxd1 Rf8 34. Rxg6 Rxg6 35. Ne7+ Kg7 36. Nxg6 Kxg6 37. Kb1 Rf3 38. Qb4 Qe2 39. Re1 Rf1 40. Qxd6+ Kh7 41. Qd7+ Kg6 42. Qe6+ Kg5 43. Qxe5+ Kg6 44. Qf5+ 1-0

[Event "Kharkov Caissa"]
[Site "Kharkov"]
[Date "2010.02.09"]
[Round "1"]
[White "Tishin, Petr"]
[Black "Sushchev, Alexander"]
[Result "1/2-1/2"]
[WhiteElo "2407"]
[BlackElo "2432"]
[PlyCount "28"]
[EventDate "2010.02.09"]
[EventType "tourn"]
[EventRounds "9"]
[EventCountry "UKR"]
[EventCategory "7"]
[SourceTitle "CBM 135 Extra"]
[Source "ChessBase"]
[SourceDate "2010.05.04"]
[SourceVersion "1"]
[SourceVersionDate "2010.05.04"]
[SourceQuality "1"]

1. e4 Nf6 2. Nc3 d5 3. exd5 Nxd5 4. Bc4 Nxc3 5. Qf3 e6 6. Qxc3 Nc6 7. Nf3 Qf6 8. Qxf6 gxf6 9. d3 Bd6 10. Be3 Bd7 11. 0-0-0 0-0-0 12. d4 Rhg8 13. g3 Ne7 14. Rhe1 Bc6 1/2-1/2

[Event "Kharkov Caissa"]
[Site "Kharkov"]
[Date "2010.??.??"]
[Round "6"]
[White "Sushchev, Alexander"]
[Black "Kondaurov, Anton"]
[Result "1-0"]
[WhiteElo "2407"]
[BlackElo "2252"]
[PlyCount "85"]
[EventDate "2010.03.21"]
[EventType "tourn"]
[EventRounds "9"]
[EventCountry "UKR"]
[EventCategory "7"]
[SourceTitle "CBM 135 Extra"]
[Source "ChessBase"]
[SourceDate "2010.05.04"]
[SourceVersion "1"]
[SourceVersionDate "2010.05.04"]
[SourceQuality "1"]

1. c4 e5 2. Nf3 e4 3. Nd4 Nf6 4. Nc3 c5 5. Nb3 b6 6. d3 Bb7 7. Nxe4 Nxe4 8. dxe4 Bxe4 9. f3 Bb7 10. Bf4 Be7 11. e4 d6 12. Be2 0-0 13. Qd2 Na6 14. 0-0-0 Nb4 15. Kb1 a5 16. Bxd6 a4 17. Nc1 Qxd6 18. Qxd6 Bxd6 19. Rxd6 Nc6 20. Rhd1 Rad8 21. Rxd8 Rxd8 22. Rxd8+ Nxd8 23. Kc2 Ne6 24. Kc3 Nd4 25. Bd3 Kf8 26. Ne2 Nxe2+ 27. Bxe2 Ke7 28. Kd3 Kd6 29. Ke3 f6 30. f4 Bc8 31. h3 g6 32. g4 Bd7 33. h4 h6 34. Bf3 Ke6 35. g5 hxg5 36. fxg5 fxg5 37. Bg4+ Ke7 38. Bxd7 Kxd7 39. hxg5 Ke6 40. Kf4 Kd6 41. e5+ Ke6 42. Ke4 Kd7 43. Kd5 1-0

[Event "UKR Games (Men) 3rd"]
[Site "Evpatoria"]
[Date "2007.05.22"]
[Round "2"]
[White "Galakhov, Vladimir"]
[Black "Sushchev, Alexander"]
[Result "1-0"]
[WhiteElo "2377"]
[BlackElo "2300"]
[PlyCount "65"]
[EventDate "2007.05.21"]
[EventType "team"]
[EventRounds "7"]
[EventCountry "UKR"]
[SourceTitle "CBM 118 Extra"]
[Source "ChessBase"]
[SourceDate "2007.07.04"]
[SourceVersion "1"]
[SourceVersionDate "2007.07.04"]
[SourceQuality "1"]

1. d4 g6 2. e4 Bg7 3. Nc3 d6 4. f4 Nd7 5. Nf3 c5 6. d5 Ngf6 7. e5 dxe5 8. fxe5 Ng4 9. e6 fxe6 10. Ng5 Qa5 11. Bd2 Ne3 12. Bxe3 Bxc3+ 13. bxc3 Qxc3+ 14. Bd2 Qe5+ 15. Be2 exd5 16. 0-0 Nf6 17. Bb5+ Bd7 18. Bxd7+ Nxd7 19. Kh1 Nf6 20. Qb1 0-0 21. Bf4 Qf5 22. Qxb7 Rae8 23. Rae1 e5 24. Be3 Qd7 25. Qa6 Ng4 26. Bxc5 Rf5 27. Rxf5 Qxf5 28. Qc6 Rc8 29. Qxd5+ Kg7 30. Qd7+ Kh6 31. Nf7+ Kh5 32. Nd6 Qf4 33. Qxh7+ 1-0

[Event "Chernigov"]
[Site "Chernigov"]
[Date "2005.02.01"]
[Round "13"]
[White "Sushchev, Alexander"]
[Black "Krupko, Alexey"]
[Result "0-1"]
[WhiteElo "2320"]
[BlackElo "2178"]
[PlyCount "78"]
[EventDate "2005.01.22"]
[EventType "tourn"]
[EventRounds "15"]
[EventCountry "UKR"]
[EventCategory "3"]
[SourceTitle "CBM 104 Extra"]
[Source "ChessBase"]
[SourceDate "2005.03.01"]
[SourceVersion "1"]
[SourceVersionDate "2005.03.01"]
[SourceQuality "1"]

1. d4 Nf6 2. c4 g6 3. Nc3 Bg7 4. e4 d6 5. Nf3 0-0 6. Be2 c5 7. d5 e6 8. 0-0 exd5 9. exd5 Na6 10. Bf4 Re8 11. Re1 Bf5 12. Bd3 Rxe1+ 13. Nxe1 Bxd3 14. Nxd3 Qd7 15. h3 Re8 16. Qd2 Ne4 17. Nxe4 Rxe4 18. Rc1 Qe7 19. Re1 Rxe1+ 20. Nxe1 Bxb2 21. Bxd6 Qxd6 22. Qxb2 Qe7 23. Nd3 b6 24. Qe5 Qh4 25. d6 Qd8 26. Nf4 Nb4 27. Qe7 Nc6 28. Qc7 Qxc7 29. dxc7 Ne7 30. Nd5 Nc8 31. f3 Kf8 32. Kf2 Ke8 33. Ke3 Kd7 34. Nf6+ Kxc7 35. Nxh7 Nd6 36. Kd3 a6 37. h4 b5 38. cxb5 axb5 39. g4 c4+ 0-1

[Event "Chernigov"]
[Site "Chernigov"]
[Date "2005.01.27"]
[Round "7"]
[White "Sushchev, Alexander"]
[Black "Tuka, Oleg"]
[Result "0-1"]
[WhiteElo "2320"]
[BlackElo "2297"]
[PlyCount "82"]
[EventDate "2005.01.22"]
[EventType "tourn"]
[EventRounds "15"]
[EventCountry "UKR"]
[EventCategory "3"]
[SourceTitle "CBM 104 Extra"]
[Source "ChessBase"]
[SourceDate "2005.03.01"]
[SourceVersion "1"]
[SourceVersionDate "2005.03.01"]
[SourceQuality "1"]

1. d4 Nf6 2. c4 g6 3. Nf3 d5 4. Nc3 Bg7 5. Qb3 dxc4 6. Qxc4 0-0 7. e4 a6 8. Be2 b5 9. Qb3 c5 10. dxc5 Bb7 11. 0-0 Nbd7 12. e5 Nd5 13. Nxd5 Nxc5 14. Qa3 Qxd5 15. Bg5 Rfe8 16. Rad1 Qe4 17. Qxc5 Qxe2 18. Rfe1 Qc4 19. Qxc4 bxc4 20. Rd7 Rab8 21. Nd2 h6 22. Bf4 g5 23. Bg3 Bc8 24. e6 Rxb2 25. Nxc4 fxe6 26. Rc7 Rc2 27. h4 gxh4 28. Bxh4 Bd4 29. a4 e5 30. Bg3 Rf8 31. Rd1 Be6 32. Nxe5 Bxf2+ 33. Bxf2 Rxc7 34. Be3 Kh7 35. Rb1 Rf5 36. Nf3 Bd5 37. Nd4 Rf6 38. Ne2 Rc2 39. Nf4 Be4 40. Rb4 Bc6 41. Rb6 e5 0-1

[Event "Chernigov"]
[Site "Chernigov"]
[Date "2005.01.24"]
[Round "3"]
[White "Sushchev, Alexander"]
[Black "Chokhonelidze, Giorgi"]
[Result "1/2-1/2"]
[WhiteElo "2320"]
[BlackElo "2300"]
[PlyCount "45"]
[EventDate "2005.01.22"]
[EventType "tourn"]
[EventRounds "15"]
[EventCountry "UKR"]
[EventCategory "3"]
[SourceTitle "CBM 104 Extra"]
[Source "ChessBase"]
[SourceDate "2005.03.01"]
[SourceVersion "1"]
[SourceVersionDate "2005.03.01"]
[SourceQuality "1"]

1. Nf3 d5 2. g3 c6 3. Bg2 Nf6 4. 0-0 Bf5 5. d3 h6 6. Nbd2 Nbd7 7. c4 e6 8. b3 Be7 9. Bb2 0-0 10. Qc2 a5 11. h3 a4 12. e4 dxe4 13. dxe4 Bh7 14. Rfe1 Qc7 15. Bd4 axb3 16. axb3 e5 17. Bc3 Rfe8 18. Rxa8 Rxa8 19. Ra1 Rxa1+ 20. Bxa1 Bb4 21. Bb2 Qa5 22. Bf1 Qa2 23. Bd3 1/2-1/2

[Event "Chernigov"]
[Site "Chernigov"]
[Date "2005.01.22"]
[Round "1"]
[White "Nosenko, Alexander"]
[Black "Sushchev, Alexander"]
[Result "1-0"]
[WhiteElo "2509"]
[BlackElo "2320"]
[PlyCount "83"]
[EventDate "2005.01.22"]
[EventType "tourn"]
[EventRounds "15"]
[EventCountry "UKR"]
[EventCategory "3"]
[SourceTitle "CBM 104 Extra"]
[Source "ChessBase"]
[SourceDate "2005.03.01"]
[SourceVersion "1"]
[SourceVersionDate "2005.03.01"]
[SourceQuality "1"]

1. d4 Nf6 2. Nf3 g6 3. c4 Bg7 4. Nc3 0-0 5. e4 d6 6. Be2 e5 7. Be3 Ng4 8. Bg5 f6 9. Bh4 Nc6 10. d5 Ne7 11. Nd2 Nh6 12. f3 f5 13. 0-0 f4 14. Bf2 g5 15. c5 Nf7 16. cxd6 Nxd6 17. Qc2 h5 18. Nb5 Nxb5 19. Bxb5 Rf6 20. Rfd1 g4 21. Rac1 c6 22. Bc4 Kh8 23. Bb3 Rg6 24. Bh4 Qe8 25. Qc5 Ng8 26. Qb4 gxf3 27. Nxf3 a5 28. Qe1 Bh3 29. Rd2 a4 30. Bd1 a3 31. Ng5 Bg4 32. Bxg4 hxg4 33. Ne6 Qf7 34. bxa3 cxd5 35. exd5 f3 36. Rc7 Qf5 37. Rxg7 Rxg7 38. Nxg7 Kxg7 39. d6 Nf6 40. Bxf6+ Qxf6 41. Qe4 Rf8 42. Qxg4+ 1-0